BIAMA výročná správa 2001

Saved in:
Bibliographic Details
Format: Book
Language:Slovak
Published: Nové Zámky BIAMA, a. s. 2002
Subjects:
Tags: Add Tag
No Tags, Be the first to tag this record!

MARC

LEADER 00000nam$a2200000$$$4500
001 0004128
005 20240108123752.8
041 0 |a slo 
044 |a SK 
245 1 0 |a BIAMA  |b výročná správa 2001 
264 1 |a Nové Zámky  |b BIAMA, a. s.  |c 2002 
300 |a 31 s. 
610 2 0 |a audit 
610 2 0 |a liečivá 
610 2 0 |a tovar 
610 2 0 |a stravovanie zamestnancov 
610 2 0 |a maloobchod 
610 2 0 |a reklama 
610 2 0 |a predstavenstvo